[Event "16th Baltic Pearl Open"]
[Site "Lazy"]
[Date "2020.06.30"]
[Round "1.1"]
[White "Kosakowski, Jakub"]
[Black "Marcinczyk, Monika"]
[Result "1-0"]
[WhiteElo "2416"]
[BlackElo "1886"]
[Annotator "TA"]
[PlyCount "89"]
[EventDate "2020.06.28"]
[EventType "swiss"]
[EventCountry "POL"]
[SourceTitle "playchess.com"]
[Source "ChessBase"]
[SourceQuality "1"]

{[%evp 19,89,25,65,63,111,8,41,33,33,39,48,40,48,41,46,39,199,168,216,150,145,139,164,141,140,140,140,140,140,137,133,129,139,139,139,131,133,129,158,147,152,144,168,167,276,285,281,270,242,243,287,300,311,328,372,368,323,345,370,360,547,533,646,609,585,535,1479,1244,986,902,29975,29976]} 1. d4 d5 2. Nf3 Nf6 3. c4 e6 4. Bg5 Be7 5. e3 O-O 6. Nc3 b6 7. cxd5 exd5 8. Qc2 Bb7 9. Bd3 Nbd7 10. O-O Ne4 11. Bf4 {D55: Queen's Gambit Declined: 4 Bg5 Be7: Lines without ...h6 and 6...h6 7 Bxf6.} Ndf6 12. Rac1 ({Better is} 12. Bxc7 $1 $16 Qxc7 13. Nxe4 {[%mdl 64] Discovered Attack} Qxc2 14. Nxf6+ {[%mdl 64] Discovered Attack} Bxf6 15. Bxc2) 12... c5 13. dxc5 {White is slightly better.} Bxc5 14. Rfd1 {And now Bxe4 would win.} Qe7 {[#]} 15. Na4 $146 ({Predecessor:} 15. Nb5 Rfd8 16. Nbd4 Rac8 17. Qe2 Ng4 18. Bg3 Nxg3 19. hxg3 Qf6 20. Bf5 h5 21. Bxc8 Rxc8 {1-0 (46) Gutierrez Minguenza,R (2078)-Martin Catalan,J (2096) Aragon 2013}) 15... Rac8 {White must now prevent ...Bxe3!} 16. Nxc5 Rxc5 17. Qa4 Ng4 $2 {This move loses the game for Black.} (17... Rfc8 $14 18. Rxc5 Nxc5) 18. Bxe4 $1 $18 Qxe4 19. Qxa7 Rxc1 20. Rxc1 Rc8 21. Rxc8+ Bxc8 22. Nd2 Qc2 23. Qc7 $1 {[%cal Rc7d8]} ({Much less strong is} 23. Qxb6 $6 h6 $14) 23... Qxc7 24. Bxc7 $16 {[%mdl 4096] Endgame KBN-KBN} b5 25. Nb3 Kf8 26. Nd4 Bd7 27. Kf1 Ke7 28. Ke2 Nh6 29. Kd3 Nf5 30. Nf3 f6 31. g4 Nd6 {[#]} (31... Nh6 $142 32. h3 Nf7) 32. Bxd6+ $1 $18 Kxd6 {KB-KN} 33. g5 fxg5 34. Nxg5 Kc5 {[#]} 35. a3 $1 h6 36. Nf3 Bh3 37. b4+ Kd6 38. Kd4 Bd7 39. Nd2 g5 (39... Bh3 $142 40. Nb1 Bd7) 40. e4 dxe4 41. Nxe4+ Kc6 42. Ke5 g4 43. Nf6 Bc8 44. Ng8 h5 45. Ne7+ {Accuracy: White = 89%, Black = 43%.} 1-0

[Event "16th Baltic Pearl Open"]
[Site "Lazy"]
[Date "2020.06.30"]
[Round "1.2"]
[White "Rak, Tomasz"]
[Black "Luch, Michal"]
[Result "0-1"]
[WhiteElo "1879"]
[BlackElo "2409"]
[Annotator "RC"]
[PlyCount "74"]
[EventDate "2020.06.28"]
[EventType "swiss"]
[EventCountry "POL"]
[SourceTitle "playchess.com"]
[Source "ChessBase"]
[SourceQuality "1"]
[TimeControl "5400+30"]

1. Nf3 {[%emt 0:00:00]} Nf6 {[%emt 0:00:00]} 2. d4 {[%emt 0:00:00]} e6 {[%emt 0:00:00]} 3. Bg5 {[%emt 0:00:00]} c5 {[%emt 0:01:12]} 4. e3 {[%emt 0:01:29]} Qb6 {[%emt 0:09:10]} 5. Bxf6 {[%emt 0:02:56]} Qxb2 {[%emt 0:08:33]} 6. Nbd2 {[%emt 0:04:06]} gxf6 {[%emt 0:00:03]} 7. Bd3 {[%emt 0:06:33]} Nc6 {[%emt 0:24:36]} 8. O-O {[%emt 0:03:40]} cxd4 {[%emt 0:15:46]} 9. exd4 {[%emt 0:07:14]} Nxd4 {[%emt 0:05:00]} 10. Nc4 {[%emt 0:01:35]} Qc3 {[%emt 0:05:27]} 11. Nxd4 {[%emt 0:06:22]} Qxd4 {[%emt 0:00:02]} 12. Qf3 {[%emt 0:01:03]} f5 {[%emt 0:05:26]} 13. Ne3 {[%emt 0:07:58]} f4 {[%emt 0:05:45]} 14. Nc4 {[%emt 0:05:11]} d5 {[%emt 0:05:21]} 15. Nd2 {[%emt 0:06:18]} Bd7 {[%emt 0:00:02]} 16. a4 {[%emt 0:10:30]} Bd6 {[%emt 0:04:27]} 17. Rfe1 {[%emt 0:09:02]} Kf8 {[%emt 0:02:53]} 18. Rad1 {[%emt 0:09:06]} Qg7 {[%emt 0:03:31]} 19. c4 {[%emt 0:00:51]} Bxa4 {[%emt 0:01:00]} 20. Rb1 {[%emt 0:03:05]} Bc6 {[%emt 0:00:01]} 21. cxd5 exd5 {[%emt 0:00:01]} 22. Nb3 {[%emt 0:02:05]} a5 {[%emt 0:00:12]} 23. Nc1 {[%emt 0:04:05]} Rg8 {[%emt 0:00:56]} 24. h3 {[%emt 0:01:28]} a4 {[%emt 0:01:43]} 25. Na2 {[%emt 0:00:19]} a3 {[%emt 0:00:28]} 26. Rec1 {[%emt 0:01:34]} Qf6 {[%emt 0:00:45]} 27. Nc3 {[%emt 0:01:44]} Rg5 {[%emt 0:00:24]} 28. Rc2 {[%emt 0:00:51]} Kg7 {[%emt 0:00:00]} 29. Bb5 {[%emt 0:01:43]} Bxb5 {[%emt 0:00:46]} 30. Rxb5 {[%emt 0:00:11]} Rc8 {[%emt 0:00:52]} 31. Nxd5 {[%emt 0:02:24]} Qa1+ {[%emt 0:00:16]} 32. Kh2 {[%emt 0:00:35]} Rxc2 {[%emt 0:00:08]} 33. Nb4 {[%emt 0:01:47]} Rxb5 {[%emt 0:00:47]} 34. Qg4+ {[%emt 0:00:27]} Kf8 {[%emt 0:00:13]} 35. Nxc2 {[%emt 0:00:02]} Qc3 {[%emt 0:00:40]} 36. Qh4 {[%emt 0:00:24]} f3+ {[%emt 0:00:49]} 37. g3 {[%emt 0:00:09]} Qxc2 {[%emt 0:00:19]} 0-1

[Event "16th Baltic Pearl Open"]
[Site "Lazy"]
[Date "2020.06.30"]
[Round "1.3"]
[White "Chylewski, Patryk"]
[Black "Lisinski, Henryk"]
[Result "1-0"]
[WhiteElo "2344"]
[BlackElo "1856"]
[Annotator "ChessBase"]
[PlyCount "89"]
[EventDate "2020.06.28"]
[EventType "swiss"]
[EventCountry "POL"]
[SourceTitle "playchess.com"]
[Source "ChessBase"]
[SourceQuality "1"]
[TimeControl "5400+30"]

1. d4 {[%emt 0:00:00]} d5 {[%emt 0:00:00]} 2. c4 {[%emt 0:00:00]} e6 {[%emt 0:00:00]} 3. Nf3 {[%emt 0:00:00]} Nf6 {[%emt 0:00:00]} 4. Nc3 {[%emt 0:01:13]} c6 {[%emt 0:00:09]} 5. e3 {[%emt 0:00:16]} Nbd7 {[%emt 0:00:16]} 6. Bd3 {[%emt 0:00:07]} Bd6 {[%emt 0:00:12]} 7. e4 {[%emt 0:00:34]} dxe4 {[%emt 0:00:42]} 8. Nxe4 {[%emt 0:00:06]} Nxe4 {[%emt 0:00:53]} 9. Bxe4 {[%emt 0:00:05]} Bb4+ {[%emt 0:05:34]} 10. Bd2 {[%emt 0:01:30]} Qa5 {[%emt 0:01:25]} 11. O-O {[%emt 0:01:09]} Bxd2 {[%emt 0:00:15]} 12. Nxd2 {[%emt 0:00:21]} O-O {[%emt 0:00:29]} 13. Re1 {[%emt 0:10:11]} Rd8 {[%emt 0:03:44]} 14. Qc2 {[%emt 0:04:23]} Nf6 {[%emt 0:01:39]} 15. Bf3 {[%emt 0:01:27]} Qc7 {[%emt 0:15:30]} 16. Nb3 {[%emt 0:09:20]} b6 {[%emt 0:00:19]} 17. Rad1 {[%emt 0:02:53]} Bb7 {[%emt 0:00:16]} 18. g3 {[%emt 0:02:26]} Rac8 {[%emt 0:00:40]} 19. Qe2 {[%emt 0:02:54]} h6 {[%emt 0:00:38]} 20. Rd3 {[%emt 0:11:37]} Rd7 {[%emt 0:02:23]} 21. Red1 {[%emt 0:02:15]} Rcd8 {[%emt 0:00:16]} 22. R3d2 {[%emt 0:01:00]} Nh7 {[%emt 0:04:59]} 23. h4 {[%emt 0:00:47]} Nf6 {[%emt 0:00:25]} 24. Qe3 {[%emt 0:03:04]} Ne8 {[%emt 0:04:52]} 25. Qc3 {[%emt 0:10:01]} Nf6 {[%emt 0:01:20]} 26. Qc2 {[%emt 0:02:00]} Qd6 {[%emt 0:03:44]} 27. Bg2 {[%emt 0:02:07]} a5 {[%emt 0:03:51]} 28. c5 {[%emt 0:03:43]} Qc7 {[%emt 0:00:37]} 29. cxb6 {[%emt 0:00:25]} Qxb6 {[%emt 0:00:09]} 30. Qc5 {[%emt 0:00:55]} Qb5 {[%emt 0:04:03]} 31. Qxb5 {[%emt 0:01:30]} cxb5 {[%emt 0:00:10]} 32. Nc5 {[%emt 0:01:42]} Bxg2 {[%emt 0:00:19]} 33. Nxd7 {[%emt 0:00:08]} Rxd7 {[%emt 0:00:12]} 34. Kxg2 {[%emt 0:00:07]} Kf8 {[%emt 0:01:00]} 35. Rc2 {[%emt 0:00:33]} Ke7 {[%emt 0:01:01]} 36. Rc5 {[%emt 0:00:23]} Rd5 {[%emt 0:00:09]} 37. Rxd5 {[%emt 0:00:09]} Nxd5 {[%emt 0:00:22]} 38. Rc1 {[%emt 0:00:33]} Kd6 {[%emt 0:00:30]} 39. Rc8 {[%emt 0:00:40]} g6 {[%emt 0:00:22]} 40. g4 {[%emt 0:01:33]} Nf4+ {[%emt 0:01:28]} 41. Kf3 {[%emt 0:00:42]} Nd3 {[%emt 0:00:13]} 42. b3 {[%emt 0:00:21]} Nb4 {[%emt 0:02:03]} 43. a3 {[%emt 0:00:31]} Nc6 {[%emt 0:00:29]} 44. Ke3 {[%emt 0:00:37]} f5 {[%emt 0:00:32]} 45. gxf5 {[%emt 0:00:21]} 1-0

[Event "16th Baltic Pearl Open"]
[Site "Lazy"]
[Date "2020.06.30"]
[Round "1.4"]
[White "Jedrusik, Adam"]
[Black "Szpar, Milosz"]
[Result "0-1"]
[WhiteElo "1852"]
[BlackElo "2343"]
[Annotator "ChessBase"]
[PlyCount "52"]
[EventDate "2020.06.28"]
[EventType "swiss"]
[EventCountry "POL"]
[SourceTitle "playchess.com"]
[Source "ChessBase"]
[SourceQuality "1"]
[TimeControl "5400+30"]

1. d4 {[%emt 0:00:00]} g6 {[%emt 0:00:00]} 2. Bg5 {[%emt 0:02:01]} Bg7 {[%emt 0:00:02]} 3. Nf3 {[%emt 0:00:05]} Nf6 {[%emt 0:00:31]} 4. Nbd2 {[%emt 0:00:44]} O-O {[%emt 0:01:08]} 5. c3 {[%emt 0:05:09]} d6 {[%emt 0:03:48]} 6. Qc2 {[%emt 0:00:39]} c5 {[%emt 0:06:20]} 7. e3 {[%emt 0:02:31]} Nc6 {[%emt 0:01:25]} 8. Bxf6 {[%emt 0:12:47]} exf6 {[%emt 0:01:09]} 9. Bd3 {[%emt 0:19:11]} f5 {[%emt 0:00:30]} 10. g3 {[%emt 0:01:00]} b6 {[%emt 0:03:08]} 11. O-O {[%emt 0:04:13]} Bb7 {[%emt 0:01:12]} 12. Rfe1 {[%emt 0:03:00]} Rc8 {[%emt 0:05:29]} 13. Qd1 {[%emt 0:10:11]} Re8 {[%emt 0:00:55]} 14. Re2 {[%emt 0:06:00]} Rc7 {[%emt 0:09:51]} 15. Qf1 {[%emt 0:01:21]} Qa8 {[%emt 0:03:10]} 16. Nh4 {[%emt 0:01:53]} Rce7 {[%emt 0:09:03]} 17. Rae1 {[%emt 0:01:33]} Nd8 {[%emt 0:05:12]} 18. Bb5 {[%emt 0:16:17]} Rf8 {[%emt 0:00:19]} 19. a4 {[%emt 0:01:44]} Ne6 {[%emt 0:05:07]} 20. a5 {[%emt 0:01:27]} a6 {[%emt 0:02:28]} 21. Bc4 {[%emt 0:01:10]} b5 {[%emt 0:02:52]} 22. Bxe6 {[%emt 0:02:29]} fxe6 {[%emt 0:03:29]} 23. dxc5 {[%emt 0:00:47]} dxc5 {[%emt 0:00:42]} 24. e4 {[%emt 0:00:04]} f4 {[%emt 0:02:33]} 25. Nb3 {[%emt 0:01:58]} g5 {[%emt 0:07:09]} 26. Nf3 {[%emt 0:01:38]} g4 {[%emt 0:01:26]} 0-1

[Event "16th Baltic Pearl Open"]
[Site "Lazy"]
[Date "2020.06.30"]
[Round "2.1"]
[White "Skurniak, Szymon"]
[Black "Kosakowski, Jakub"]
[Result "0-1"]
[WhiteElo "2036"]
[BlackElo "2416"]
[Annotator "TA"]
[PlyCount "124"]
[EventDate "2020.06.28"]
[EventType "swiss"]
[EventCountry "POL"]
[SourceTitle "playchess.com"]
[Source "ChessBase"]
[SourceQuality "1"]

{[%evp 24,124,44,29,45,0,0,0,0,-5,-9,0,68,0,0,0,0,-2,18,0,0,0,0,0,0,0,0,0,0,0,0,-5,-2,-3,-3,-3,-4,-6,0,0,0,0,0,0,0,0,7,4,3,0,0,0,0,0,0,0,0,0,0,0,0,0,0,0,0,0,0,0,0,0,0,0,0,0,0,0,0,-25,-25,-25,0,0,0,0,0,0,0,0,0,0,0,0,0,0,0,-29978,-29979,-29979,-29981,-29981,-29982,-29982,-29983]} 1. e4 c5 2. Nf3 Nc6 3. d4 cxd4 4. Nxd4 Nf6 5. Nc3 e5 6. Ndb5 d6 7. Bg5 a6 8. Na3 b5 9. Nd5 Be7 10. Bxf6 Bxf6 11. c3 Bg5 12. Nc2 Rb8 {now supersedes 12...0-0.} 13. a4 bxa4 {B33: Sicilian: Pelikan and Sveshnikov Variations.} 14. Rxa4 Rxb2 15. Bxa6 Bd7 {The position is equal.} 16. Ra1 O-O 17. O-O f5 {[#]} (17... Ne7 $11) 18. Bc4 $146 (18. Nde3 $14) ({Predecessor:} 18. Nce3 Na5 19. exf5 Kh8 20. Bd3 Bc6 21. f6 g6 22. Qg4 Bxe3 23. Nxe3 {0-1 (34) Olzem,L-Schubert,C (2260) Germany 1984}) 18... Kh8 $11 19. exf5 Bxf5 20. Nce3 Bg6 21. Ra6 (21. Bd3 {keeps more tension.} e4 22. Rb1 Rxb1 23. Bxb1 Qa5 24. h4) 21... Ne7 22. Nxe7 Qxe7 23. Qxd6 Qxd6 24. Rxd6 Rbxf2 {[%mdl 64] [#] Remove Defender} 25. Rxf2 {[%cal Rf2f8]} Bxe3 {[%mdl 64] Pin} 26. Rdd2 $1 h5 27. Rde2 Bb6 {[%mdl 64] Pin} 28. Kf1 Bxf2 29. Rxf2 {[%mdl 4096] Endgame KRB-KRB} Rc8 30. Bf7 Bd3+ 31. Ke1 Rxc3 32. Bxh5 Ra3 33. Be2 Be4 34. Bd1 Bg6 35. Re2 e4 36. Kd2 Kg8 37. Re3 Ra2+ 38. Bc2 Kf7 39. Kc3 Kf6 40. Kb3 Bf7+ 41. Kc3 Bd5 42. Bxe4 Bxe4 43. Rxe4 Rxg2 {KR-KR} 44. Rh4 g5 (44... Kg5 {looks sharper.} 45. Rh8 g6 46. Kd3 Ra2 47. Ke3 Kg4) 45. Rh3 Ra2 46. Kb3 Re2 47. Kc3 Kf5 48. Kd3 Ra2 {( -> ...Ra3+)} 49. Rh8 Kf4 50. h4 g4 {Strongly threatening ...g3.} 51. h5 $1 Ra7 {White must now prevent ...g3.} 52. h6 Re7 53. Rf8+ ({Avoid the trap} 53. h7 $2 Kg3 $19) 53... Kg3 {aiming for ...Rh7.} 54. Rg8 Rh7 55. Rg6 Kh3 56. Ke2 g3 {And now ...g2 would win.} 57. Kf3 Rf7+ 58. Ke4 $1 g2 {Hoping for ...Kh2.} 59. Ke5 $2 {[%mdl 8192] [#]} (59. Rg5 $11) 59... Kh2 {Black mates.} 60. Ke6 Rf3 61. Ke7 g1=Q 62. Rxg1 Kxg1 {Accuracy: White = 90%, Black = 95%.} 0-1

[Event "16th Baltic Pearl Open"]
[Site "Lazy"]
[Date "2020.06.30"]
[Round "2.2"]
[White "Luch, Michal"]
[Black "Meers, Hubert"]
[Result "1-0"]
[WhiteElo "2409"]
[BlackElo "2037"]
[Annotator "TA"]
[PlyCount "171"]
[EventDate "2020.06.28"]
[EventType "swiss"]
[EventCountry "POL"]
[SourceTitle "playchess.com"]
[Source "ChessBase"]
[SourceQuality "1"]

{[%evp 13,171,-1,0,7,27,23,75,85,81,74,88,60,59,50,36,14,3,26,65,-4,39,0,0,0,0,0,0,0,0,0,5,0,3,-4,27,27,27,27,29,35,32,29,47,22,33,33,26,26,39,32,58,43,24,10,6,0,0,-2,0,0,0,0,-2,-2,0,0,0,-3,4,6,8,8,8,10,8,0,0,4,21,8,9,9,20,9,897,858,1365,1365,1365,1365,1365,1365,1365,1365,1365,1365,1365,1365,1365,1365,1365,1365,1365,1364,1364,1364,1364,1364,1345,1343,1401,1314,1322,1244,1300,1011,884,851,545,155,155,155,29956,29961,29956,29957,29940,29944,29963,29968,29967,29963,29958,29964,29964,29964,29973,29974,29974,29975,29977,29978,29977,29978,29978,29979,29981,29982,29982,29982,29982,29983,29983,29984,29984,29985,29985,29986,29987,29986]} 1. d4 Nf6 2. c4 g6 3. g3 Bg7 4. Bg2 d5 5. Nf3 O-O 6. O-O c6 7. Qa4 Nbd7 8. cxd5 {D78: Fianchetto Grünfeld: 6 0-0 c6.} cxd5 9. Nc3 b6 {[#]} (9... Nb6 $11 10. Qb3 Ne4) 10. Ne5 $146 {White is better.} ({Predecessor:} 10. Bf4 Bb7 11. Rfc1 a6 12. Ne5 e6 13. Qb3 Rc8 14. e3 Qe7 15. Bg5 Qd6 16. Bxf6 Nxf6 {½-½ (51) Kramnik,V (2777)-Carlsen,M (2850) Berlin 2015}) 10... Nb8 11. Bf4 Bb7 12. Rfc1 e6 13. Nb5 {aiming for Nc7.} Ne8 $1 14. Qb3 a6 15. Nc3 Nd6 16. Qb4 (16. h4 $14) 16... Re8 17. Na4 Nb5 18. h4 f6 19. Nf3 $1 Nc6 20. Qd2 Bf8 21. Bh3 Nd6 22. Qd1 Ne4 23. Nc3 Bd6 24. Bxd6 Qxd6 25. e3 Nxc3 26. Rxc3 Rac8 27. Rac1 Na5 28. Nd2 Kf7 29. h5 Rxc3 30. Rxc3 Rc8 31. hxg6+ hxg6 32. Rxc8 Bxc8 33. Qc2 Qc6 34. Qxc6 Nxc6 $11 {[%mdl 4096] Endgame KBN-KBN} 35. a3 g5 36. f4 gxf4 37. gxf4 a5 38. Bf1 Nb8 39. Nb1 Ba6 40. Bg2 Nd7 {[#]} 41. f5 $1 {[%mdl 512]} Bd3 (41... exf5 42. Bxd5+) 42. fxe6+ Kxe6 43. Nc3 Bc4 44. Bh3+ f5 45. Kf2 Bd3 46. Kg3 Nf6 47. Kf4 b5 48. Kg5 Ne4+ $2 {[%mdl 8192]} (48... Nh7+ $11 49. Kf4 Nf6) 49. Nxe4 $18 Bxe4 {[#] KB-KB} 50. b4 $1 {[%cal Rb4a5]} axb4 51. axb4 Bd3 52. Bg2 Be2 53. Kf4 Bd3 54. Bf3 Bc4 55. Kg5 Bd3 56. Bd1 Kd6 57. Kf6 Bc4 58. Bc2 Be2 59. Bxf5 Bf1 60. Kg5 Be2 61. Kf4 Bc4 62. Kf3 Kc6 63. Kf2 Kd6 64. Ke1 Kc6 65. Kd2 Bf1 66. Bd3 $2 (66. e4 $18) 66... Bh3 $16 67. Ke2 Bd7 $2 {This costs Black the game.} (67... Bg4+ $16 68. Ke1 Bh5) 68. Kf3 {White mates.} Kd6 69. Kf4 Be8 70. Kf5 Bc6 71. Kf6 Be8 72. Be2 Bc6 73. Kf7 Bd7 74. Bd3 Bc6 75. Bf5 Bb7 76. Ke8 Bc6+ 77. Kd8 Bb7 78. Bd7 Ba6 79. Be8 Bb7 80. Bxb5 Ba8 81. Kc8 Bc6 82. Bxc6 Kxc6 83. Kd8 Kb5 84. Kd7 Kxb4 85. Kd6 Kc4 86. Ke5 {Accuracy: White = 88%, Black = 80%.} 1-0

[Event "16th Baltic Pearl Open"]
[Site "Lazy"]
[Date "2020.06.30"]
[Round "2.3"]
[White "Kacprzak, Kacper"]
[Black "Chylewski, Patryk"]
[Result "0-1"]
[WhiteElo "1977"]
[BlackElo "2344"]
[Annotator "NA"]
[PlyCount "118"]
[EventDate "2020.06.28"]
[EventType "swiss"]
[EventCountry "POL"]
[SourceTitle "playchess.com"]
[Source "ChessBase"]
[SourceQuality "1"]
[TimeControl "5400+30"]

1. e4 {[%emt 0:00:00]} c5 {[%emt 0:03:41]} 2. Nf3 {[%emt 0:00:00]} d6 {[%emt 0:00:05]} 3. d4 {[%emt 0:00:00]} cxd4 4. Nxd4 {[%emt 0:00:00]} Nf6 {[%emt 0:00:08]} 5. Nc3 {[%emt 0:00:00]} a6 {[%emt 0:00:03]} 6. h3 {[%emt 0:00:00]} e6 {[%emt 0:00:10]} 7. g4 {[%emt 0:00:36]} h6 {[%emt 0:00:06]} 8. Bg2 {[%emt 0:00:03]} Nbd7 {[%emt 0:01:03]} 9. Be3 {[%emt 0:01:32]} g5 {[%emt 0:00:07]} 10. Qe2 {[%emt 0:01:55]} Ne5 {[%emt 0:00:06]} 11. f4 {[%emt 0:13:16]} gxf4 {[%emt 0:00:09]} 12. Bxf4 {[%emt 0:00:03]} Nfd7 {[%emt 0:00:12]} 13. O-O-O {[%emt 0:05:46]} b5 {[%emt 0:01:19]} 14. Nf3 {[%emt 0:09:27]} Qc7 {[%emt 0:05:39]} 15. a3 {[%emt 0:03:55]} Bb7 {[%emt 0:00:31]} 16. Rhf1 {[%emt 0:05:37]} Rc8 {[%emt 0:07:31]} 17. Nxe5 {[%emt 0:10:00]} Nxe5 {[%emt 0:01:47]} 18. g5 {[%emt 0:02:41]} hxg5 {[%emt 0:10:01]} 19. Bxg5 {[%emt 0:00:14]} Bh6 {[%emt 0:00:34]} 20. Qh5 {[%emt 0:04:51]} Bg7 {[%emt 0:01:00]} 21. Qe2 {[%emt 0:04:48]} Nc4 {[%emt 0:07:27]} 22. e5 {[%emt 0:05:12]} d5 {[%emt 0:10:10]} 23. Bxd5 {[%emt 0:05:23]} Bxd5 {[%emt 0:03:05]} 24. Nxd5 {[%emt 0:02:36]} exd5 {[%emt 0:11:19]} 25. Bf6 {[%emt 0:00:13]} Ne3 {[%emt 0:09:51]} 26. Bxg7 {[%emt 0:03:33]} Qxc2+ {[%emt 0:00:24]} 27. Qxc2 {[%emt 0:00:05]} Rxc2+ {[%emt 0:00:05]} 28. Kb1 {[%emt 0:00:02]} Rxh3 {[%emt 0:02:00]} 29. Rh1 {[%emt 0:01:09]} Nxd1 {[%emt 0:11:20]} 30. Rxh3 {[%emt 0:00:09]} Rxb2+ {[%emt 0:02:16]} 31. Kc1 {[%emt 0:00:06]} Rg2 {[%emt 0:00:07]} 32. Rh8+ {[%emt 0:01:10]} Kd7 {[%emt 0:00:10]} 33. Bf6 {[%emt 0:00:03]} Ne3 {[%emt 0:01:03]} 34. Rd8+ {[%emt 0:00:25]} Ke6 {[%emt 0:00:14]} 35. Rd6+ {[%emt 0:00:52]} Kf5 {[%emt 0:00:05]} 36. Rxa6 {[%emt 0:00:13]} Nc4 {[%emt 0:01:01]} 37. Ra7 {[%emt 0:00:21]} Kg6 {[%emt 0:07:30]} 38. Ra8 {[%emt 0:06:46]} Ra2 {[%emt 0:01:29]} 39. Rd8 {[%emt 0:01:16]} Rxa3 {[%emt 0:00:23]} 40. Rg8+ {[%emt 0:00:58]} Kf5 {[%emt 0:00:06]} 41. Rf8 {[%emt 0:00:08]} Nxe5 {[%emt 0:00:58]} 42. Bxe5 {[%emt 0:00:36]} Kxe5 {[%emt 0:00:04]} 43. Rxf7 {[%emt 0:00:04]} Kd4 {[%emt 0:01:39]} 44. Kb2 {[%emt 0:00:09]} Rh3 {[%emt 0:01:33]} 45. Rb7 {[%emt 0:00:25]} Kc4 {[%emt 0:00:04]} 46. Rc7+ {[%emt 0:00:05]} Kb4 {[%emt 0:00:07]} 47. Kc2 {[%emt 0:00:27]} d4 {[%emt 0:00:40]} 48. Rd7 {[%emt 0:00:25]} d3+ {[%emt 0:00:05]} 49. Kd2 {[%emt 0:00:13]} Kb3 {[%emt 0:00:07]} 50. Rb7 {[%emt 0:00:29]} b4 {[%emt 0:00:04]} 51. Rb8 {[%emt 0:00:03]} Ka3 {[%emt 0:00:15]} 52. Ra8+ {[%emt 0:01:50]} Kb2 {[%emt 0:00:09]} 53. Ra4 {[%emt 0:00:12]} b3 {[%emt 0:00:07]} 54. Ra8 {[%emt 0:00:07]} Kb1 {[%emt 0:00:25]} 55. Ra3 {[%emt 0:00:19]} b2 {[%emt 0:00:26]} 56. Ra8 {[%emt 0:00:04]} Rh2+ {[%emt 0:00:15]} 57. Kd1 {[%emt 0:01:27]} d2 {[%emt 0:00:08]} 58. Ra7 {[%emt 0:00:06]} Rh1+ {[%emt 0:00:09]} 59. Kxd2 {[%emt 0:00:07]} Rh8 {[%emt 0:00:07]} 0-1

[Event "16th Baltic Pearl Open"]
[Site "Lazy"]
[Date "2020.06.30"]
[Round "2.4"]
[White "Szpar, Milosz"]
[Black "Czechowski, Jakub"]
[Result "1/2-1/2"]
[WhiteElo "2343"]
[BlackElo "2025"]
[Annotator "NA RC"]
[PlyCount "80"]
[EventDate "2020.06.28"]
[EventType "swiss"]
[EventCountry "POL"]
[SourceTitle "playchess.com"]
[Source "ChessBase"]
[SourceQuality "1"]
[TimeControl "5400+30"]

1. e4 {[%emt 0:00:00]} e5 {[%emt 0:00:00]} 2. Nf3 {[%emt 0:00:00]} Nc6 {[%emt 0:00:00]} 3. Bb5 {[%emt 0:00:12]} a6 {[%emt 0:00:00]} 4. Ba4 {[%emt 0:00:05]} Nf6 {[%emt 0:00:00]} 5. O-O {[%emt 0:00:21]} Be7 {[%emt 0:00:00]} 6. Re1 {[%emt 0:00:23]} b5 {[%emt 0:00:00]} 7. Bb3 {[%emt 0:00:05]} d6 {[%emt 0:00:05]} 8. c3 {[%emt 0:00:33]} O-O {[%emt 0:00:07]} 9. h3 {[%emt 0:00:33]} Na5 {[%emt 0:00:04]} 10. Bc2 {[%emt 0:00:35]} c5 {[%emt 0:00:03]} 11. d4 {[%emt 0:00:38]} Qc7 {[%emt 0:00:01]} 12. Nbd2 {[%emt 0:00:36]} Nc6 {[%emt 0:00:02]} 13. d5 {[%emt 0:04:50]} Nd8 {[%emt 0:00:01]} 14. a4 {[%emt 0:06:42]} Rb8 {[%emt 0:00:21]} 15. axb5 {[%emt 0:03:23]} axb5 {[%emt 0:00:01]} 16. b4 {[%emt 0:01:55]} c4 {[%emt 0:00:20]} 17. Nf1 {[%emt 0:01:59]} Ne8 {[%emt 0:00:02]} 18. Ng3 {[%emt 0:03:45]} g6 {[%emt 0:00:01]} 19. Bh6 {[%emt 0:05:32]} Ng7 {[%emt 0:00:02]} 20. Nh2 {[%emt 0:09:41]} f6 {[%emt 0:00:10]} 21. Rf1 {[%emt 0:15:52]} Nf7 {[%emt 0:00:09]} 22. Be3 {[%emt 0:00:52]} Bd7 {[%emt 0:03:02]} 23. Ra7 {[%emt 0:03:50]} Qc8 {[%emt 0:06:38]} 24. Qa1 {[%emt 0:06:29]} Bd8 {[%emt 0:04:56]} 25. Kh1 {[%emt 0:07:17]} Bb6 {[%emt 0:07:01]} 26. Bxb6 {[%emt 0:01:35]} Rxb6 {[%emt 0:00:01]} 27. Qa5 {[%emt 0:01:48]} Rb7 {[%emt 0:04:29]} 28. Nf3 {[%emt 0:03:22]} Ne8 {[%emt 0:02:44]} 29. Ra1 {[%emt 0:01:05]} Nc7 {[%emt 0:00:08]} 30. Kh2 {[%emt 0:03:44]} Qb8 {[%emt 0:04:38]} 31. Nf1 {[%emt 0:05:24]} Rb6 {[%emt 0:12:30]} 32. Qa2 {[%emt 0:01:30]} Rb7 {[%emt 0:04:39]} 33. Ra5 {[%emt 0:00:05]} Kg7 {[%emt 0:04:45]} 34. Ne3 {[%emt 0:00:14]} Qc8 {[%emt 0:05:15]} 35. Qb1 {[%emt 0:00:41]} Rb8 {[%emt 0:01:05]} 36. R1a3 {[%emt 0:01:19]} Qb7 {[%emt 0:01:21]} 37. Ra7 {[%emt 0:01:23]} Qb6 {[%emt 0:00:01]} 38. Qa1 {[%emt 0:00:53]} Bc8 {[%emt 0:05:01]} 39. Kg1 {[%emt 0:01:28]} Bb7 {[%emt 0:00:17]} 40. Nd2 {[%emt 0:01:50]} Ra8 {[%emt 0:00:06]} 1/2-1/2